| 000 | 004160000a22001810004500 | ||
|---|---|---|---|
| 003 | LK-CoMWRAF | ||
| 005 | 20231006114714.0 | ||
| 008 | 230817t1986 ||||| |||| 00| 0 eng d | ||
| 040 |
_aLK-CoMWRAF _dLK-CoMWRAF _eLK-CoMWRAF |
||
| 041 | _aeng | ||
| 082 |
_a297 _bGUI |
||
| 245 | _aA Guide unto mankind | ||
| 260 | _c1986 | ||
| 300 | _a92p | ||
| 650 | _aIslam | ||
| 700 |
_aGhouse, M.B.Mohamed _ecomp. |
||
| 942 | _cBK | ||
| 999 |
_c1648 _d1648 |
||